| 000 | 01220nam a2200313 a 4500 | ||
|---|---|---|---|
| 001 | ebr10463112 | ||
| 003 | CaPaEBR | ||
| 006 | m u | ||
| 007 | cr cn||||||||| | ||
| 008 | 110425s2011 cm a sb 000 0 eng d | ||
| 020 | _z9789956578924 | ||
| 020 | _z9956578924 | ||
| 020 | _z9789956579051 (e-book) | ||
| 040 |
_aCaPaEBR _cCaPaEBR |
||
| 035 | _a(OCoLC)726828816 | ||
| 043 | _af-cm--- | ||
| 050 | 1 | 4 |
_aHD1009 _b.N59 2011eb |
| 100 | 1 | _aNkwi, Walter Gam. | |
| 245 | 1 | 0 |
_aSons and daughters of the soil _h[electronic resource] : _bland and boundary conflicts in North West Cameroon, 1955-2005 / _cWalter Gam Nkwi. |
| 260 |
_aBamenda [Cameroon] : _bLangaa RPCIG, _c2011. |
||
| 300 |
_axiv, 230 p. : _bill. |
||
| 504 | _aIncludes bibliographical references. | ||
| 533 |
_aElectronic reproduction. _bPalo Alto, Calif. : _cebrary, _d2011. _nAvailable via World Wide Web. _nAccess may be limited to ebrary affiliated libraries. |
||
| 650 | 0 |
_aLand tenure _zCameroon. |
|
| 651 | 0 |
_aCameroon _xBoundaries. |
|
| 655 | 7 |
_aElectronic books. _2local |
|
| 710 | 2 | _aebrary, Inc. | |
| 856 | 4 | 0 |
_uhttp://site.ebrary.com/lib/rucke/Doc?id=10463112 _zAn electronic book accessible through the World Wide Web; click to view |
| 999 |
_c240925 _d240925 |
||